| 000 | 00437nam a2200181Ia 4500 | ||
|---|---|---|---|
| 001 | 15761 | ||
| 005 | 20260306170220.0 | ||
| 008 | 260306t2004||||xx |||||||||||||| ||und|| | ||
| 041 | _aESP | ||
| 082 |
_a620 _bW55 |
||
| 100 |
_aWickens, Christopher D. _eAUT |
||
| 245 | 3 | _aAn introduction to human factors engineering | |
| 260 | _c2004 | ||
| 300 |
_a587 páginas : _c |
||
| 650 | _aGEN | ||
| 654 | _aCII | ||
| 942 |
_cLIB _dJUS _fJUS _2ddc _n |
||
| 999 |
_c15761 _d15761 |
||